000 00199nam a22000857a 4500
008 170626b xxu||||| |||| 00| 0 eng d
100 _93711
_aNCERT
245 _aFirst flight class X
260 _bNCERT
_c2007
999 _c7132
_d7132